[Event "Aberto do Brasil CONTAUD 2022"]
[Site "?"]
[Date "2022.10.30"]
[Round "9.29"]
[White "Born, Ary"]
[Black "Haubert, Roberto Camargo"]
[Result "1/2-1/2"]
[WhiteElo "1248"]
[BlackElo "1773"]
[PlyCount "125"]
[EventDate "2022.??.??"]

{[%evp 0,112,19,-30,-19,-99,-2,10,23,7,8,-44,-38,-32,-15,-7,27,1,89,79,121,126,
134,49,49,49,49,24,32,31,64,-18,-18,-54,-2,-2,-4,-29,-30,-21,-5,-174,-186,-239,
-272,-301,-170,-274,-176,-268,-268,-268,-268,-279,-264,-305,-262,-323,-255,
-274,-272,-265,-287,-279,-241,-292,-298,-307,-301,-373,-358,-412,-408,-408,
-445,-429,-258,-275,-196,-206,-181,-353,-331,-320,-346,-323,297,297,297,297,
297,297,289,185,229,219,219,219,219,214,202,142,151,132,142,96,117,75,88,52,
129,85,84,94,66]} 1. f4 d5 2. e4 c6 3. e5 Bf5 4. d4 e6 5. c3 Nd7 6. Nf3 c5 7.
Be3 Ne7 8. Bb5 Ng6 9. dxc5 Rc8 10. b4 Be7 11. Qa4 a6 12. Bxd7+ Qxd7 13. Qxd7+
Kxd7 14. Nd4 Bd3 15. g3 f6 16. f5 exf5 17. e6+ Kc7 18. a4 Ne5 19. Nd2 g6 20. b5
Bxc5 21. b6+ Bxb6 22. e7 Bxd4 23. cxd4 Nc6 24. Nb3 Rhe8 25. Bf4+ Kb6 26. Bd6
Nxe7 27. a5+ Ka7 28. Kd2 Be4 29. Bc5+ Ka8 30. Rhc1 Nc6 31. Rc3 g5 32. Rac1 f4
33. gxf4 gxf4 34. h4 Rg8 35. Bd6 Rg2+ 36. Ke1 f3 37. Nc5 f2+ 38. Kf1 Rg1+ 39.
Kxf2 Rxc1 40. Nxe4 Rxc3 41. Nxc3 Nxd4 42. Nxd5 Nf5 43. Nb6+ Ka7 44. Nxc8+ Ka8
45. Nb6+ Ka7 46. Bc5 Nxh4 47. Nd7+ Ka8 48. Nxf6 Kb8 49. Nxh7 Kc7 50. Nf6 Kc6
51. Bb6 Nf5 52. Ne4 Ne7 53. Nc3 Nc8 54. Bd8 Nd6 55. Kf3 Nc4 56. Ke4 b5 57. Nd5
Kc5 58. Be7+ Kc6 59. Nb4+ Kb7 60. Bd8 Kc8 61. Bb6 Nxb6 62. Nxa6 Nc4 63. Kd5
1/2-1/2